00579nam a2200241Ia 450000500170000000800460001702000180006303700100008104000080009104000080009904000080010704100080011504100080012308400080013110000230013924500250016224500520018726000230023926000090026236500050027136500080027685600530028420260324115914.0008 260324s9999 xx 000 0 eng d a9781003576419 aEBOOK aCRL beng cCRL 2eng aeng qCRL aChhany Sak-Humphry 0aColloquial Cambodian 4bThe Complete Course for Beginners (New Edition) bTaylor and Francis c2016 a b300 uhttp://www.taylorfrancis.com/books/9781003576419